Medzinárodné aspekty vysokoškolského vzdelávania zborník zo seminára v rámci programu TEMPUS JEP 11011, Martin, 20. a 21. február 1998
Salvato in:
| Natura: | Libro |
|---|---|
| Lingua: | slovacco inglese |
| Pubblicazione: |
Bratislava
Univerzita Komenského v Bratislave - Jesseniova lekárska fakulta v Martine
1998
|
| Soggetti: | |
| Tags: |
Nessun Tag, puoi essere il primo ad aggiungerne!!
|
MARC
| LEADER | 00000nam a2200000 4500 | ||
|---|---|---|---|
| 001 | c131361 | ||
| 005 | 20240104101342.2 | ||
| 020 | |a 80-88866-04-9 | ||
| 041 | 0 | |a slo | |
| 041 | 0 | |a eng | |
| 044 | |a SK | ||
| 245 | 1 | 0 | |a Medzinárodné aspekty vysokoškolského vzdelávania |b zborník zo seminára v rámci programu TEMPUS JEP 11011, Martin, 20. a 21. február 1998 |
| 264 | 1 | |a Bratislava |b Univerzita Komenského v Bratislave - Jesseniova lekárska fakulta v Martine |c 1998 | |
| 300 | |a 68 s. | ||
| 610 | 2 | 0 | |a vzdelávanie |
| 610 | 2 | 0 | |a školy vysoké |
| 610 | 2 | 0 | |a Slovensko |
| 610 | 2 | 0 | |a internacionalizácia |
| 610 | 2 | 0 | |a vzťahy politické medzinárodné |
| 610 | 2 | 0 | |a prostredie životné |
| 610 | 2 | 0 | |a výmena skúseností |
| 610 | 2 | 0 | |a študenti zahraniční |
| 610 | 2 | 0 | |a TEMPUS |
| 610 | 2 | 0 | |a 1998 |